Kanye West Songs - Featured Artists - Statistics

General Stats
  • This quiz has been taken 38 times
  • The average score is 20 of 33
Answer Stats
Hint Answer % Correct
Monster Jay-Z/ Rick Ross/ Nicki Minaj/ Bon Iver
93%
Diamonds from Sierra Leone (Remix) Jay-Z
89%
Devil In a New Dress Rick Ross
89%
Good Life T-Pain
89%
Slow Jamz Twista/ Jamie Foxx
89%
Touch The Sky Lupe Fiasco
82%
Runaway Pusha T
82%
We Major Nas/ Really Doe
79%
Welcome To Heartbreak Kid Cudi
75%
Life Of The Party Andre 3000
71%
No More Parties In La Kendrick Lamar
71%
Ghost Town PartyNextDoor/ Kid Cudi/ 070 Shake
71%
Barry Bonds Lil Wayne
68%
Famous Rihanna/ Swizz Beatz
68%
Flashing Lights Dwele
64%
Blame Game John Legend
61%
Hurricane The Weeknd/ Lil Baby
61%
Bomb Yuno Miles/ North West
61%
Jail Jay-Z
57%
Heard Em' Say Adam Levine
54%
All Falls Down Syleena Johnson
54%
Crack Music The Game
50%
Hold My Liqour Chief Keef/ Justin Vernon
46%
Off The Grid Playboy Carti/ Fivio Foreign
46%
FML The Weeknd/ Kid Cudi
46%
Talking North West
43%
Wolves Sia/ Vic Mensa
39%
Everything We Need Ty Dolla Sign/ Ant Clemons
36%
Bound 2 Charlie Wilson
32%
Back To Me Freddie Gibbs
32%
Use This Gospel Clipse/ Kenny G
29%
Amazing Young Jeezy
29%
I'm In It Assassin
18%
No matching quizzes found
Score Distribution
Percent of People with Each Score
Percentile by Number Answered
Your Score History
You have not taken this quiz